01006nam a22002297a 450000500170000001000150001702000260003203500140005803700090007208200150008124500980009625000060019426001030020027001460030330000210044970000350047070000360050570000320054194200260057399900190059995201580061820240828154310.0 aENG-141527 a9789354093401c700.00 aEN-125059 bDBAD a940.35421 aIndian Armed Forces in World War-1/cEdited By U.P. Thapiyal; Reva Dhanedhar [and] Om Shankar a1 aNew DelhibPublication Division Ministry of Information and Broadcasting Government of Indiac2022 aPublication Division Ministry of Information and Broadcasting Government of India, Soochna Bhawan, CGO Complex, Lodhi RoadbNew Delhie110003 a340p.:c24cm(hb) aThapiyal, U.P. eEditor970703 aDhanedhar, Reva eEditor970704 aShankar, Om eEditor970705 2ddch940.354mINDcEN c205379d205379 001040708NFICaBL4bBL4d2024-08-28eDelivery of Books Act Divisiong700.00l0o940.354 INDpEN-125059r2024-08-28 00:00:00t1v700.00w2024-08-28yEN